| 000 | 01038nam a22002055i 4500 | ||
|---|---|---|---|
| 001 | 157147 | ||
| 003 | ES-MaACL | ||
| 005 | 20250822231020.0 | ||
| 008 | 020222s1854 sp |||| | spa d | ||
| 040 |
_aCAM _bspa _cCAM |
||
| 100 | 1 |
_aLarrea, José María de. _9128705 |
|
| 245 | 1 | 1 |
_a¡A caza de cuervos! _b: comedia en tres actos / _carreglada del francés por J.M. de Larrea y L.M. de Larra. |
| 260 |
_aMadrid : _b[s.n.], _c1854 ( _fimprenta de José Rodriguez) |
||
| 300 |
_a48 p. ; _c20 cm. |
||
| 500 | _aEn port.: Representada en el Teatro de Variedades, la noche del 24 de diciembre de 1853. | ||
| 596 | _aEn verso de port. consta: La propiedad de esta comedia pertenece la director de la Galería lírico-drámatica El Teatro ... | ||
| 700 | 1 |
_aLarra y Wetoret, Luis Mariano de, _d1830-1901 _970289 |
|
| 852 |
_aES-MaACL _jF-8613(5) _z-- Enc. pasta española _q-- Falto de la cub. original _z-- Enc. en un vol. facticio formando parte de la col. facticia "Teatro español moderno", vol. 68 |
||
| 999 |
_c157147 _d157147 |
||